| 000 | 01025nam a22003017a 4500 | ||
|---|---|---|---|
| 001 | 6460 | ||
| 003 | FISKH | ||
| 005 | 20250506091050.0 | ||
| 008 | 250506b cb ||||| |||| 00| 0 eng d | ||
| 020 | _a9780439929288 | ||
| 040 |
_aBVD _cBVD _dOCLCQ _dIUI _dBAKER _dEHH _dBTCTA _dDLC _beng |
||
| 050 | _a PZ7.M47814473 A | ||
| 082 | _a 433 | ||
| 100 | 1 |
_aMcCoy, Mimi. _d(1955-) |
|
| 245 | 1 | 4 |
_aThe accidental cheerleader / _cby Mimi McCoy. |
| 250 | _aThis edition first published in 2006 | ||
| 260 |
_aNew York : _bScholastic, _c2006. |
||
| 300 |
_a160 pages : _c20 cm. |
||
| 505 | _aR | ||
| 520 | _aSophie and her best friend, Kylie, are the perfect team. But when Kylie signs them both up for cheerleading tryouts, it's Sophie who lands in the spotlight -- and Kylie ends up on the sidelines. | ||
| 521 | 8 |
_a670
_bLexile |
|
| 521 | 8 |
_aR
_bRaz-Plus |
|
| 650 |
_2Cheerleader _aAccidental |
||
| 650 |
_2Gym _aRules |
||
| 906 |
_a7 _bcbc _corignew _d4 _encip _f20 _gy-gencatlg |
||
| 942 |
_2ddc _cBK _n0 |
||
| 999 |
_c6460 _d6460 |
||